书目信息 |
| 题名: |
海洋灾害及海洋收入的经济学研究
|
|
| 作者: | 赵领娣 , 王小华 编著 | |
| 分册: | ||
| 出版信息: | 北京 经济科学出版社 2007 |
|
| 页数: | 433页 | |
| 开本: | 23cm | |
| 丛书名: | 海洋产业经济研究系列丛书 | |
| 单 册: | ||
| 中图分类: | P732 , P74 | |
| 科图分类: | ||
| 主题词: | 海洋气象--气象灾害--研究 , 海洋经济学--研究 , 海洋气象 , 气象灾害 , 海洋经济学 | |
| 电子资源: | ||
| ISBN: | 978-7-5058-6440-5 | |
| 000 | 01479oam2 2200349 450 | |
| 001 | 003613185 | |
| 005 | 20130701093839.89 | |
| 010 | @a978-7-5058-6440-5@dCNY40.00 | |
| 100 | @a20071105d2007 em y0chiy0110 ea | |
| 101 | 0 | @achi@eeng |
| 102 | @aCN@b110000 | |
| 105 | @ay z 000yy | |
| 106 | @ar | |
| 200 | 1 | @a海洋灾害及海洋收入的经济学研究@9hai yang zai hai ji hai yang shou ru de jing ji xue yan jiu@dEconomics study on marine disaster and marine income@f赵领娣,王小华等编著@zeng |
| 210 | @a北京@c经济科学出版社@d2007 | |
| 215 | @a433页@d23cm | |
| 225 | 2 | @a海洋产业经济研究系列丛书 |
| 300 | @a中国海洋大学“985工程”“海洋发展研究”哲学社会科学创新基地资助 中国海洋大学教育部人文社会科学重点研究基地资助 山东省人文社会科学重点研究基地“海洋经济研究中心”资助 | |
| 330 | @a本书在自然科学研究的基础上,借助社会科学的研究思路和方法,对海洋灾害特别是海洋人为灾害进行经济学的思考和研究。全书分为三编:海洋灾害·海洋经济收入·政府作为、海洋环境灾害·保障海洋劳动者收入、海洋灾害预测·预防·评估·补偿。 | |
| 461 | 0 | @12001 @a海洋产业经济研究系列丛书 |
| 510 | 1 | @aEconomics study on marine disaster and marine income@zeng |
| 606 | 0 | @a海洋气象@x气象灾害@x研究 |
| 606 | 0 | @a海洋经济学@x研究 |
| 606 | 0 | @a海洋气象 |
| 606 | 0 | @a气象灾害 |
| 606 | 0 | @a海洋经济学 |
| 690 | @aP732@v4 | |
| 690 | @aP74@v4 | |
| 701 | 0 | @a赵领娣@9zhao ling di@4编著 |
| 701 | 0 | @a王小华@9wang xiao hua@4编著 |
| 801 | 0 | @aCN@bNLC@c20071119 |
| 905 | @b544539-43@dP732@e55@f5 | |
| 海洋灾害及海洋收入的经济学研究=Economics study on marine disaster and marine income/赵领娣,王小华等编著.-北京:经济科学出版社,2007 |
| 433页;23cm.-(海洋产业经济研究系列丛书) |
| 中国海洋大学“985工程”“海洋发展研究”哲学社会科学创新基地资助 中国海洋大学教育部人文社会科学重点研究基地资助 山东省人文社会科学重点研究基地“海洋经济研究中心”资助 |
| ISBN 978-7-5058-6440-5:CNY40.00 |
| 本书在自然科学研究的基础上,借助社会科学的研究思路和方法,对海洋灾害特别是海洋人为灾害进行经济学的思考和研究。全书分为三编:海洋灾害·海洋经济收入·政府作为、海洋环境灾害·保障海洋劳动者收入、海洋灾害预测·预防·评估·补偿。 |
| ● |
| 相关链接 |
|
|
|
|
正题名:海洋灾害及海洋收入的经济学研究
索取号:P732/55
 
预约/预借
| 序号 | 登录号 | 条形码 | 馆藏地/架位号 | 状态 | 备注 |
| 1 | 544539 | 205445393 | 第二样本阅览室/ [索取号:P732/55] | 在馆 | |
| 2 | 544540 | 205445400 | 密集书库-资源管理系/ [索取号:P732/55] | 在馆 | |
| 3 | 544541 | 205445419 | 第三借阅区/ [索取号:P732/55] | 在馆 | |
| 4 | 544542 | 205445428 | 第三借阅区/ [索取号:P732/55] | 在馆 | |
| 5 | 544543 | 205445437 | 第三借阅区/ [索取号:P732/55] | 在馆 |